| 000 | 00403nam a2200145Ia 4500 | ||
|---|---|---|---|
| 008 | 190228s9999 xx 000 0 und d | ||
| 020 | _a9781260092370 | ||
| 100 | _aRothaermel, Frank T. | ||
| 245 |
_cFrank T. Rothaermel.-- _aStrategic management / |
||
| 250 | _a4th ed | ||
| 260 |
_aUSA : _bMcGraw-Hill _c2019 |
||
| 300 | _axxviii, 555 pages. | ||
| 650 | _aManagement. | ||
| 650 | _aStrategic planning. | ||
| 999 |
_c361303 _d361303 |
||